Guide to laboratory establishment for plant nutrient analysis (Record no. 8360)

000 -LEADER
fixed length control field 00302nam a22001337a 4500
020 ## - INTERNATIONAL STANDARD BOOK NUMBER
ISBN 9789251059814
040 ## - CATALOGING SOURCE
Transcribing agency HS
082 ## - DEWEY DECIMAL CLASSIFICATION NUMBER
Classification number 572.420 2008
110 ## - MAIN ENTRY--CORPORATE NAME
Corporate name or jurisdiction name as entry element FAO
245 ## - TITLE STATEMENT
Title Guide to laboratory establishment for plant nutrient analysis
260 ## - PUBLICATION, DISTRIBUTION, ETC. (IMPRINT)
Place of publication Rome
Name of publisher FAO
Year of publication 2008
300 ## - PHYSICAL DESCRIPTION
Number of Pages 204p.
942 ## - ADDED ENTRY ELEMENTS (KOHA)
Koha item type សៀវភៅភាសាអង់គ្លេស

No items available.

មជ្ឈមណ្ឌលឯការនៃសាកលវិទ្យាល័យភូមិន្ទកសិកម្មចំការដូង

Powered by Koha